Basic business math (Record no. 45988)
[ view plain ]
| 000 -LEADER | |
|---|---|
| fixed length control field | 01317nam a2200337 a 4500 |
| 082 04 - DEWEY DECIMAL CLASSIFICATION NUMBER | |
| Classification number | 650/.01/513 |
| 100 1# - MAIN ENTRY--AUTHOR NAME | |
| Personal name | Truchon, Richard P. |
| 245 10 - TITLE STATEMENT | |
| Title | Basic business math |
| 250 ## - EDITION STATEMENT | |
| Edition statement | Rev. ed. |
| 260 ## - PUBLICATION, DISTRIBUTION, ETC. (IMPRINT) | |
| Place of publication | Menlo Park, Calif. : |
| Name of publisher | Crisp Publications, |
| Year of publication | c1997. |
| 300 ## - PHYSICAL DESCRIPTION | |
| Number of Pages | vii, 144 p. : |
| Other physical details | ill. |
| 490 1# - SERIES STATEMENT | |
| Series statement | The fifty-minute series book |
| 500 ## - GENERAL NOTE | |
| General note | Rev. ed. of: Basic business mathematics. c1990. |
| 650 #0 - SUBJECT ADDED ENTRY--TOPICAL TERM | |
| Topical Term | Business mathematics |
| 700 1# - ADDED ENTRY--PERSONAL NAME | |
| Personal name | Truchon, Richard P. |
| 856 40 - ELECTRONIC LOCATION AND ACCESS | |
| Uniform Resource Identifier | http://site.ebrary.com/lib/rucke/Doc?id=10060426 |
No items available.
